000 00808nmm a2200313 a 4500
003 AR-BaBNM
005 20251128204659.0
008 226119s1984 ||||||||||||||000 | spa||
020 _a84-309-1069-7
040 _cAR-BaBNM
100 1 _aPardos, José Luis
245 1 0 _aCrecimiento y desarrollo en la década de los 80
250 _a1ª ed.
260 _aMadrid
_bTecnos
_c1984
300 _a262 p.
504 _aContiene bibliografía
610 2 4 _aCooperación Internacional
650 4 _aPOLITICA
650 4 _aECONOMIA
650 4 _aCULTURA
650 4 _aSALUD PUBLICA
650 4 _aDESARROLLO
650 4 _aPOLITICA DE DESARROLLO
650 4 _aPOLITICA INTERNACIONAL
650 4 _aPLANES DE DESARROLLO
700 1 _aBunge, Mario
_eprologuista
942 _cBK
998 _cEnrique
999 _c8384
_d8384